Propuesta de plan de marketing para la empresa prefabricados de Nicaragua S.A

Presenta propuesta de plan de marketing para la empresa prefabricados de Nicaragua S.A donde se analiza la situación tanto interna como externa de la empresa, determinando de esta forma las fortalezas y las oportunidades para contrarrestar las debilidades y las amenazas.

Bibliographic Details
Main Authors: Bejarano Núñez, Vanessa Raquel, Bustamante Castrillo, Vladimir Ernesto, Osorno Hodgson, Ivania María
Other Authors: Tutor: Gómez Jaime, Dora Isabel
Format: Tesis Section = Libro
Language:Undetermined
Spanish
Published: Managua UNI 2010
Subjects:
LEADER 01228nam a2200289Ia 4500
008 240830s9999 xx 000 0 und d
040 |a BIBLIOTECA-RUPAP T.Mon 658.8 B423 
041 |a spa 
082 |a T.Mon 658.8 B423 
100 1 |a Bejarano Núñez, Vanessa Raquel 
100 1 |b  Bustamante Castrillo, Vladimir Ernesto 
100 1 |c  Osorno Hodgson, Ivania María 
245 1 0 |a Propuesta de plan de marketing para la empresa prefabricados de Nicaragua S.A 
260 |a Managua  |b UNI  |c 2010 
300 |a 48 p. :il. 
500 |a Contiene: anexos e Incluye: CD. 
502 |a Tesis (Ingeniero de Sistemas)- UNI, 2010. 
520 3 |a Presenta propuesta de plan de marketing para la empresa prefabricados de Nicaragua S.A donde se analiza la situación tanto interna como externa de la empresa, determinando de esta forma las fortalezas y las oportunidades para contrarrestar las debilidades y las amenazas. 
650 7 |a ADMINISTRACIÓN DE LA DISTRIBUCIÓN - MERCADEO PREFABRICADOS 
650 7 |b PLANEACIÓN ESTRATÉGICA 
650 7 |c ANALISI FODA 
650 7 |d CANALES DE DISTRIBUCIÓN 
650 7 |e PUBLICIDAD 
700 1 |a Tutor:  |b Gómez Jaime, Dora Isabel 
942 |c BK  |2 ddc 
991 |a TESIS 
999 |c 18699